| 000 | 00445nam a2200181Ia 4500 | ||
|---|---|---|---|
| 001 | 24785 | ||
| 005 | 20260414151106.0 | ||
| 008 | 260414t2004||||xx |||||||||||||| ||spa|| | ||
| 041 | _aESP | ||
| 082 |
_a345.7989 _bC268 |
||
| 100 |
_aCouture, Eduardo J. _eAUT |
||
| 245 | 0 |
_aFundamentos del derecho procesal civil _b |
|
| 260 | _c2004 | ||
| 300 |
_axl, 424 páginas : _c23 cm. |
||
| 650 | _aDER | ||
| 654 | _aCDE | ||
| 942 |
_cLIB _dJUS _fJUS _2ddc _n |
||
| 999 |
_c24785 _d24785 |
||